Nábožná Pjseň o umučení Pána Ježisse Krysta Bolesti se puká srdce

Bibliographic Details
Format: Book
Language:Slovak
PhysicalDescription:14 nečíslovaných strán 11 cm
Subjects:

MARC

LEADER 00000nam a2200000 4500
001 vtls011914393
003 SK-MaSNL
005 20260301225303.0
008 210624s1860 xo a 0 0n0 slo
015 |a SNBHFA1860 
035 |a EBF9E361-A0CF-4BB8-B3B7-1556D185B862 
035 |a urn:nbn:sk:snk-am3if3y 
035 |a urn:nbn:sk:snk-am00e7p5 
040 |a SNKHF  |b slo  |c SNKHF  |e rda 
041 0 |a slo 
043 |a e-xo--- 
044 |a xo  |c SK 
072 7 |a 09  |x Rukopisy, prvotlače, staré tlače. Vzácne a pozoruhodné diela  |2 konspekt 
072 7 |a 398  |x Folklór  |2 konspekt 
080 |a 098:398.51  |2 1981 
080 |a 398.85/.87  |2 1981 
130 0 |a Nábožná  |9 302786 
245 1 0 |a Nábožná Pjseň o umučení Pána Ježisse Krysta  |b Bolesti se puká srdce 
264 3 |a Wytisstĕná w B. Bystřici  |b [Tlačiar nie je známy]  |c 1860 
300 |a 14 nečíslovaných strán  |c 11 cm 
336 |a text  |b txt  |2 rdacontent 
337 |a bez média  |b n  |2 rdamedia 
338 |a zväzok  |b nc  |2 rdacarrier 
500 |a Titulná strana s drevorezom 
546 |a Predspisovná slovenčina  |b Fraktúra 
650 0 7 |a jarmočné tlače  |2 SNKPH  |9 256383 
752 |a Slovensko  |d Banská Bystrica 
852 |a snk  |p SE 532/9 
958 |a ONDV 
958 |a DF 
958 |a SK 
958 |a NT 
999 |c 950345  |d 952275 
952 |a SNK  |b SNK  |y PREZ  |7 0  |p 17A0731994  |o snkSE 532/9  |i snk3950/34  |0 0  |1 0  |4 0  |d 2020-01-30  |f 1  |l 0  |r 2026-02-24 09:46:29  |w 2026-02-24